[Event "Memoria? Zamenhofa"]
[Site "Bialystok"]
[Date "2024.12.28"]
[Round "4.15"]
[White "Rekuc, Patryk"]
[Black "Flak, Pawel"]
[Result "0-1"]
[WhiteElo "2264"]
[BlackElo "2131"]
[PlyCount "178"]
[EventDate "2024.??.??"]

1. d4 Nf6 2. c4 e6 3. Nf3 b6 4. e3 Bb7 5. Bd3 d6 6. Nc3 Nbd7 7. O-O e5 8. d5
Be7 9. a3 O-O 10. Bc2 Bc8 11. Ne1 a5 12. Rb1 Ne8 13. e4 Bg5 14. b4 g6 15. Bb2
Bh6 16. Ne2 Qe7 17. Bc3 axb4 18. axb4 Ndf6 19. Ra1 Rxa1 20. Qxa1 Nh5 21. c5
Neg7 22. Qa7 dxc5 23. Nd3 f6 24. bxc5 bxc5 25. Qxc5 Qd6 26. Qa5 Rd8 27. Rb1 Bg4
28. Bd1 Ne8 29. Nc5 Nhg7 30. h3 Bc8 31. Rb8 Qe7 32. Bb4 Nd6 33. Qa8 Nge8 34.
Ne6 Bb7 35. Qa7 Rxb8 36. Qxb8 Qd7 37. Nxc7 Qxc7 38. Bxd6 Qxb8 39. Bxb8 Bf8 40.
f4 Bc5+ 41. Kf1 Nd6 42. fxe5 Nxe4 43. d6 fxe5 44. d7 Bb6 45. Bxe5 Nc5 46. Nf4
Bc6 47. Be2 Nxd7 48. Bc4+ Kf8 49. Bc3 Nc5 50. Bd4 Na4 51. Ne6+ Ke7 52. Ba1 Bd7
53. Ng5 h6 54. Nf3 Ba5 55. Ne5 Be8 56. Bd3 g5 57. Ng4 h5 58. Ne3 Nc5 59. Nf5+
Kd8 60. Be2 Ne4 61. Bd3 Nc5 62. Bf6+ Kc7 63. Be2 Ne4 64. Be5+ Kd8 65. Bd3 Nc5
66. Bc2 Bb5+ 67. Kg1 Ne6 68. Nd6 Bb6+ 69. Kh1 Be2 70. Bf5 Nd4 71. Bf6+ Kc7 72.
Ne8+ Kc6 73. Be4+ Kd7 74. Ng7 g4 75. h4 g3 76. Bg6 Bg4 77. Bxh5 Bxh5 78. Nxh5
Nf5 79. Nf4 Be3 80. Ne2 Ke6 81. Bd8 Kd7 82. Bf6 Ke6 83. Bd8 Kd7 84. Bg5 Bxg5
85. hxg5 Ke6 86. Kg1 Ke5 87. Nc3 Kf4 88. g6 Kg5 89. Kf1 Kxg6 0-1

[Event "Memoria? Zamenhofa"]
[Site "Bialystok"]
[Date "2024.12.28"]
[Round "4.16"]
[White "Moczulski, Michal"]
[Black "Backiel, Hubert"]
[Result "0-1"]
[WhiteElo "1977"]
[BlackElo "2260"]
[PlyCount "72"]
[EventDate "2024.??.??"]

1. e4 c5 2. Nf3 e6 3. b3 b6 4. Bb2 Bb7 5. Nc3 a6 6. a4 d6 7. d4 cxd4 8. Nxd4
Nf6 9. Bd3 Be7 10. O-O O-O 11. Kh1 Nbd7 12. f4 Nc5 13. Qe2 Nfd7 14. Rad1 Nxd3
15. Qxd3 Rc8 16. Qe2 Qc7 17. f5 e5 18. Nf3 Nf6 19. Rd2 Qc5 20. Ne1 Qa5 21. Rd3
Rc7 22. Nd5 Bxd5 23. exd5 Nxd5 24. c4 Nf4 25. Rxf4 exf4 26. f6 Bxf6 27. Bxf6
gxf6 28. Rxd6 Qe5 29. Qg4+ Kh8 30. Rd1 Rg8 31. Qf3 Rd7 32. Nd3 Qe3 33. Qc6 Rxd3
34. Qxf6+ Rg7 35. Qa1 Rxd1+ 36. Qxd1 Qe5 0-1

[Event "Memoria? Zamenhofa"]
[Site "Bialystok"]
[Date "2024.12.28"]
[Round "4.17"]
[White "Kosakowski, Jakub"]
[Black "Madrawski, Krzysztof"]
[Result "1-0"]
[WhiteElo "2539"]
[BlackElo "2054"]
[PlyCount "71"]
[EventDate "2024.??.??"]

1. e4 e6 2. d4 d5 3. e5 c5 4. c3 Qb6 5. Nf3 Bd7 6. Be2 Bb5 7. dxc5 Bxc5 8. b4
Bxe2 9. Qxe2 Bf8 10. O-O Nd7 11. Na3 Ne7 12. Be3 Qd8 13. c4 dxc4 14. Nxc4 Nd5
15. Bg5 Qb8 16. a3 h6 17. Bh4 b5 18. Ne3 Nxe3 19. Qxe3 g5 20. Bg3 Nb6 21. Qe4
Nd5 22. Rac1 Qb7 23. Nd4 h5 24. f4 gxf4 25. Bxf4 Rg8 26. h3 a5 27. Bd2 axb4 28.
axb4 Ra3 29. Kh2 Ra2 30. Rf2 Bxb4 31. Nxb5 Qxb5 32. Rc8+ Kd7 33. Rxg8 Rxd2 34.
Rxf7+ Be7 35. Ra8 Nc7 36. Rxe7+ 1-0

[Event "Memoria? Zamenhofa"]
[Site "Bialystok"]
[Date "2024.12.28"]
[Round "4.18"]
[White "Czernek, Tymon"]
[Black "Trybus, Daniel"]
[Result "1-0"]
[WhiteElo "2353"]
[BlackElo "2035"]
[PlyCount "71"]
[EventDate "2024.??.??"]

1. e4 e5 2. Nf3 d6 3. d4 exd4 4. Nxd4 Nf6 5. Nc3 Be7 6. Be2 O-O 7. O-O Re8 8.
f4 Bf8 9. Bf3 c5 10. Nb3 Nc6 11. Re1 Bd7 12. Be3 Rb8 13. Bf2 b5 14. a3 Qc7 15.
Bh4 c4 16. Nc1 Qb6+ 17. Bf2 Qc7 18. Kh1 Be6 19. N1e2 Be7 20. Nd4 Nxd4 21. Bxd4
Red8 22. Qe2 a5 23. f5 Bc8 24. e5 dxe5 25. Bxe5 Bd6 26. Bxf6 gxf6 27. Nd5 Qc5
28. Nxf6+ Kh8 29. Rad1 Bxf5 30. Rd5 Qc8 31. Red1 c3 32. bxc3 Rb6 33. Be4 Bg6
34. Bxg6 fxg6 35. Qe3 Bc7 36. Qe7 1-0

[Event "Memoria? Zamenhofa"]
[Site "Bialystok"]
[Date "2024.12.28"]
[Round "4.19"]
[White "Kucza, Karol"]
[Black "Rzap, Filip"]
[Result "1/2-1/2"]
[WhiteElo "2346"]
[BlackElo "1912"]
[PlyCount "90"]
[EventDate "2024.??.??"]

1. e4 e5 2. Nf3 Nc6 3. Bb5 a6 4. Ba4 Nf6 5. O-O Be7 6. Re1 b5 7. Bb3 d6 8. c3
O-O 9. h3 Nb8 10. d4 Nbd7 11. Nbd2 Bb7 12. Bc2 Re8 13. Nf1 Bf8 14. Ng3 g6 15.
a4 c5 16. d5 c4 17. Be3 Nc5 18. Qd2 h5 19. Bh6 Nfd7 20. Bxf8 Rxf8 21. axb5 axb5
22. Rxa8 Bxa8 23. Ra1 Bb7 24. Qh6 Qf6 25. Ra5 Ba6 26. Nd2 Rb8 27. Ngf1 Qd8 28.
Ra1 Ra8 29. Qe3 Bb7 30. Qe1 Ra7 31. Ra6 Rxa6 32. Qb1 Ra1 33. Qxa1 Qa8 34. Qxa8+
Bxa8 35. h4 Bb7 36. g3 Bc8 37. Ne3 Nb6 38. f3 Kf8 39. Kf2 Ke7 40. Ke2 Nba4 41.
Nd1 f5 42. Ke3 fxe4 43. Nxe4 Bf5 44. Kd2 Bxe4 45. fxe4 Nb6 1/2-1/2

[Event "Memoria? Zamenhofa"]
[Site "Bialystok"]
[Date "2024.12.28"]
[Round "4.20"]
[White "Smetek, Michal"]
[Black "Polak, Michal"]
[Result "1/2-1/2"]
[WhiteElo "2157"]
[BlackElo "2031"]
[PlyCount "191"]
[EventDate "2024.??.??"]

1. Nf3 Nf6 2. d4 e6 3. c4 b6 4. a3 Bb7 5. Nc3 d5 6. cxd5 Nxd5 7. Qc2 Nxc3 8.
Qxc3 c5 9. dxc5 bxc5 10. Bg5 f6 11. Be3 Nd7 12. g3 Bd6 13. Bg2 Qe7 14. O-O Nb6
15. Qc2 O-O 16. Nd2 Bxg2 17. Kxg2 Nd5 18. Nc4 Rfc8 19. Bd2 Nb6 20. Rfd1 Qb7+
21. Kg1 Bf8 22. Bf4 e5 23. Be3 Qf7 24. Rac1 Nxc4 25. Qxc4 Rab8 26. Rd2 Qxc4 27.
Rxc4 Rb3 28. Kf1 a6 29. Rdc2 Rcb8 30. Bxc5 Rxb2 31. Rxb2 Rxb2 32. Bxf8 Kxf8 33.
Rc6 Kf7 34. Rxa6 Ra2 35. g4 Kg6 36. Ra7 h5 37. gxh5+ Kxh5 38. Rxg7 Rxa3 39. Kg2
Kh4 40. Rg8 Rb3 41. e3 e4 42. Re8 Rb4 43. Rd8 Rb5 44. Rh8+ Kg5 45. Kg3 Kg6 46.
Rg8+ Kf7 47. Rg4 Re5 48. h4 Kf8 49. Kf4 Kf7 50. Rg1 Ke6 51. h5 Rxh5 52. Kxe4
Ra5 53. Rd1 Rb5 54. Rd4 Re5+ 55. Kd3 Ra5 56. Rb4 Rd5+ 57. Kc4 Rd2 58. f3 Rf2
59. f4 Kf5 60. Kd3 Ra2 61. Rb1 Ra3+ 62. Ke2 Kg4 63. Rg1+ Kf5 64. Kf3 Ke6 65.
Rd1 Rb3 66. Ke4 Rb4+ 67. Rd4 Rb5 68. Ra4 Kf7 69. f5 Kg7 70. Kf4 Rb7 71. e4 Rb1
72. Ra7+ Kh6 73. Rf7 Rb6 74. Re7 Rb8 75. Re6 Kg7 76. Kg4 Kf7 77. Ra6 Rb7 78.
Kh5 Kg7 79. e5 fxe5 80. Kg5 e4 81. Rh6 Rb5 82. Ra6 Rb7 83. Rg6+ Kf7 84. Rh6 Rb5
85. Rh7+ Kg8 86. Ra7 Rb6 87. f6 Rb1 88. Kg6 Rg1+ 89. Kf5 Rf1+ 90. Ke6 e3 91.
Ra8+ Kh7 92. Ra2 Rf2 93. Ra1 e2 94. Rh1+ Kg6 95. Rg1+ Kh5 96. Re1 1/2-1/2

[Event "Memoria? Zamenhofa"]
[Site "Bialystok"]
[Date "2024.12.28"]
[Round "4.21"]
[White "Suska, Szymon"]
[Black "Praczukowski, Stanislaw"]
[Result "1/2-1/2"]
[WhiteElo "2050"]
[BlackElo "2130"]
[PlyCount "45"]
[EventDate "2024.??.??"]

1. Nf3 d5 2. e3 Nf6 3. c4 c6 4. Nc3 e6 5. b3 Bd6 6. Bb2 O-O 7. Qc2 e5 8. cxd5
cxd5 9. Nb5 Nc6 10. Nxd6 Qxd6 11. Rc1 Bg4 12. Be2 e4 13. Nd4 Bxe2 14. Kxe2 Nb4
15. Qc5 Qa6+ 16. Qb5 Nd3 17. Qxa6 Nxc1+ 18. Rxc1 bxa6 19. Nf5 Rfe8 20. Rc7 Re6
21. Ne7+ Kh8 22. Nf5 Kg8 23. Ne7+ 1/2-1/2

[Event "Memoria? Zamenhofa"]
[Site "Bialystok"]
[Date "2024.12.28"]
[Round "4.22"]
[White "Obrycki, Tomasz"]
[Black "Dalkowski, Rafal"]
[Result "1/2-1/2"]
[WhiteElo "1984"]
[BlackElo "2102"]
[PlyCount "65"]
[EventDate "2024.??.??"]

1. c4 c5 2. g3 Nc6 3. Bg2 g6 4. Nc3 Bg7 5. e3 e5 6. Nge2 Nge7 7. O-O O-O 8. d3
d6 9. a3 a5 10. Qc2 Be6 11. Nd5 Bxd5 12. cxd5 Nb8 13. Nc3 Qd7 14. Qb3 Na6 15.
Qb5 Rfd8 16. Qxd7 Rxd7 17. Nb5 Nc7 18. Nxc7 Rxc7 19. e4 a4 20. Bd2 Nc8 21. Rfb1
b5 22. b3 axb3 23. Rxb3 b4 24. Kf1 Rca7 25. Bc1 Bf6 26. Ke2 Ra5 27. Bb2 Bd8 28.
Kd1 Nb6 29. Kc2 Kg7 30. Kb1 bxa3 31. Rbxa3 Na4 32. Bc1 Nc3+ 33. Kc2 1/2-1/2

[Event "Memoria? Zamenhofa"]
[Site "Bialystok"]
[Date "2024.12.28"]
[Round "4.23"]
[White "Trochimczuk, Szymon"]
[Black "Jarzebowski, Kacper"]
[Result "1-0"]
[WhiteElo "1973"]
[BlackElo "2099"]
[PlyCount "67"]
[EventDate "2024.??.??"]

1. d4 Nf6 2. c4 g6 3. Nf3 Bg7 4. Nc3 O-O 5. e4 d6 6. Be2 e5 7. Be3 exd4 8. Nxd4
Re8 9. f3 c6 10. Bf2 d5 11. exd5 cxd5 12. O-O Nc6 13. c5 Bf8 14. Kh1 Bd7 15.
Qd2 a6 16. Rfd1 h5 17. a3 Bg7 18. Bf1 Qc7 19. b4 Qe5 20. Nxc6 bxc6 21. Bd4 Qc7
22. Na4 Bf5 23. Nb6 Ra7 24. Qc3 Qd8 25. a4 h4 26. b5 axb5 27. axb5 Rxa1 28.
Rxa1 Nh5 29. bxc6 Ng3+ 30. Kg1 Qg5 31. Bxg7 Bd3 32. Qxd3 Kxg7 33. c7 Qe7 34.
Qd4+ 1-0

[Event "Memoria? Zamenhofa"]
[Site "Bialystok"]
[Date "2024.12.28"]
[Round "4.24"]
[White "Korszanski, Stanislaw"]
[Black "Golis, Wiktor"]
[Result "1-0"]
[WhiteElo "1955"]
[BlackElo "2313"]
[PlyCount "67"]
[EventDate "2024.??.??"]

1. e4 c6 2. d4 d5 3. exd5 cxd5 4. c4 Nf6 5. Nc3 Nc6 6. Bg5 dxc4 7. d5 Ne5 8.
Qd4 h6 9. Bf4 Ng6 10. Bg3 e5 11. Bxe5 Ng4 12. Bg3 Be7 13. h3 Bf6 14. Qe4+ N4e5
15. f4 Bh4 16. Nge2 Bxg3+ 17. Nxg3 Qh4 18. Nce2 f5 19. Qe3 O-O 20. fxe5 f4 21.
Qd4 fxg3 22. Qxh4 Nxh4 23. Nxg3 b5 24. O-O-O Nf5 25. Nxf5 Rxf5 26. e6 Rf2 27.
g4 Bb7 28. Rg1 Rc8 29. d6 Be4 30. d7 Rc2+ 31. Kb1 Rd2+ 32. Bd3 Bxd3+ 33. Ka1
Rxd1+ 34. Rxd1 1-0

[Event "Memoria? Zamenhofa"]
[Site "Bialystok"]
[Date "2024.12.28"]
[Round "4.25"]
[White "Kasperek, Ryszard"]
[Black "Pietruszewski, Marcin"]
[Result "1-0"]
[WhiteElo "2059"]
[BlackElo "2187"]
[PlyCount "41"]
[EventDate "2024.??.??"]

1. e4 c5 2. Nf3 e6 3. d4 cxd4 4. Nxd4 Nc6 5. Nc3 Qc7 6. Be3 a6 7. Qf3 Ne5 8.
Qg3 b5 9. Bf4 d6 10. Bxb5+ axb5 11. Ndxb5 Qb8 12. O-O-O Nf6 13. Nxd6+ Bxd6 14.
Rxd6 Nh5 15. Qg5 Qxd6 16. Bxe5 Ra5 17. Nd5 Rxd5 18. exd5 Qxd5 19. Rd1 Qa5 20.
b4 Qb6 21. Rd6 1-0

[Event "Memoria? Zamenhofa"]
[Site "Bialystok"]
[Date "2024.12.28"]
[Round "4.26"]
[White "Sawicki, Dorian"]
[Black "Jasiulewicz, Dawid"]
[Result "1/2-1/2"]
[WhiteElo "2036"]
[BlackElo "2174"]
[PlyCount "101"]
[EventDate "2024.??.??"]

1. d4 d5 2. Nf3 Nf6 3. c3 c5 4. Bf4 e6 5. e3 Nc6 6. Nbd2 Bd6 7. Bg5 h6 8. Bh4
O-O 9. Bd3 e5 10. dxe5 Nxe5 11. Nxe5 Bxe5 12. Nf3 Bc7 13. O-O Be6 14. Qc2 Qe7
15. Rfe1 Bg4 16. Nd2 g5 17. Bg3 Bxg3 18. hxg3 Rfe8 19. Bb5 Bd7 20. Bxd7 Qxd7
21. Rad1 Qc6 22. Nf3 Rad8 23. c4 b6 24. a3 dxc4 25. Qxc4 Qe4 26. Qxe4 Nxe4 27.
Kf1 g4 28. Nh2 h5 29. Ke2 c4 30. Nf1 Nc5 31. Rxd8 Rxd8 32. Rc1 b5 33. Nd2 a5
34. Rh1 Rd5 35. e4 Rg5 36. Ke3 f5 37. Kd4 fxe4 38. Nxe4 Nxe4 39. Kxe4 Kf7 40.
f4 gxf3 41. gxf3 Ke6 42. f4 Rxg3 43. Rxh5 Rb3 44. Rh2 a4 45. f5+ Kf6 46. Rh6+
Kf7 47. Rh7+ Kf6 48. Rh6+ Kg7 49. Rh2 c3 50. bxc3 Rxa3 51. Rb2 1/2-1/2

[Event "Memoria? Zamenhofa"]
[Site "Bialystok"]
[Date "2024.12.28"]
[Round "4.27"]
[White "Barwinska, Ewa"]
[Black "Sliwicki, Damian"]
[Result "0-1"]
[WhiteElo "2021"]
[BlackElo "2172"]
[PlyCount "78"]
[EventDate "2024.??.??"]

1. e4 c5 2. Nc3 a6 3. d4 cxd4 4. Qxd4 Nc6 5. Qe3 g6 6. Qg3 Bg7 7. Bf4 Qa5 8.
Bd2 Nf6 9. Bd3 O-O 10. Nge2 Qb6 11. O-O-O d6 12. Qe3 Qa5 13. Kb1 Be6 14. f3
Rfc8 15. Nf4 Nb4 16. Nxe6 fxe6 17. a3 Nxd3 18. cxd3 Nd7 19. d4 Rc4 20. Ne2 Qb6
21. Bc3 Rac8 22. Qd3 Qb5 23. f4 Nb6 24. Ka1 Na4 25. Rd2 Nxc3 26. Nxc3 Qa5 27.
Ne2 b5 28. Kb1 b4 29. axb4 Rxb4 30. Qh3 Kf7 31. f5 Ra4 32. fxg6+ hxg6 33. Rf1+
Ke8 34. Nc3 Ra1+ 35. Kc2 Rxf1 36. Qxe6 Qa4+ 37. b3 Rc1+ 38. Kxc1 Qa1+ 39. Kc2
Rxc3# 0-1

[Event "Memoria? Zamenhofa"]
[Site "Bialystok"]
[Date "2024.12.28"]
[Round "4.28"]
[White "Lechowski, Witold"]
[Black "Krasniewski, Maciej"]
[Result "1-0"]
[WhiteElo "2101"]
[BlackElo "1984"]
[PlyCount "91"]
[EventDate "2024.??.??"]

1. d4 Nf6 2. c4 g6 3. Nf3 Bg7 4. g3 O-O 5. Bg2 d6 6. Nc3 Nc6 7. d5 Na5 8. b3 c5
9. Bb2 a6 10. O-O Rb8 11. Re1 b5 12. cxb5 axb5 13. Rc1 b4 14. Nb1 Ba6 15. e4
Rc8 16. Bf1 Bxf1 17. Kxf1 c4 18. bxc4 Nxc4 19. Ba1 Qa5 20. Qe2 Na3 21. Nd4 Rxc1
22. Rxc1 Re8 23. Nd2 Qb6 24. Rc6 Qa7 25. Ra6 Qb7 26. Rc6 Nd7 27. N2b3 Ne5 28.
Na5 Qd7 29. Rc1 Qa4 30. Nac6 Nxc6 31. Nxc6 Bxa1 32. Rxa1 b3 33. axb3 Qxb3 34.
Rc1 Nb5 35. Kg2 Qa3 36. Rc2 Nc7 37. Ra2 Qc5 38. Ra7 Qb6 39. Qg4 e6 40. Qf4 exd5
41. Qxd6 Qb1 42. Ne7+ Kg7 43. Qe5+ f6 44. Nf5+ Kg8 45. Nh6+ Kg7 46. Qxc7+ 1-0

[Event "Memoria? Zamenhofa"]
[Site "Bialystok"]
[Date "2024.12.28"]
[Round "4.29"]
[White "Baginskaite, Kamile"]
[Black "Przybylski, Jan"]
[Result "1-0"]
[WhiteElo "2091"]
[BlackElo "1987"]
[PlyCount "85"]
[EventDate "2024.??.??"]

1. d4 Nf6 2. c4 e6 3. Nc3 Bb4 4. Qb3 c5 5. dxc5 Nc6 6. Nf3 O-O 7. a3 Bxc5 8.
Bg5 a6 9. e3 d6 10. Be2 e5 11. O-O Be6 12. Qxb7 Na5 13. Bxf6 gxf6 14. Qe4 f5
15. Qc2 Nc6 16. b4 Bb6 17. Rad1 e4 18. c5 Bc7 19. Nd4 Nxd4 20. Rxd4 Qb8 21. c6
d5 22. Nxd5 Bxh2+ 23. Kh1 Be5 24. c7 Qb7 25. Qc5 Bxd4 26. Ne7+ Kg7 27. Qxd4+ f6
28. Qd6 Bc8 29. Rc1 f4 30. Qxf4 Bd7 31. Bc4 Qb6 32. Bd5 Rae8 33. c8=Q Rxc8 34.
Nxc8 Rxc8 35. Rxc8 Bxc8 36. Qg3+ Kh6 37. Qh4+ Kg6 38. Qxe4+ Bf5 39. Qe8+ Kg5
40. f4+ Kg4 41. Kh2 Bg6 42. Bf3+ Kh4 43. g3# 1-0

[Event "Memoria? Zamenhofa"]
[Site "Bialystok"]
[Date "2024.12.28"]
[Round "4.30"]
[White "Kwiatkowski, Wiktor"]
[Black "Gotsiridze, Davit"]
[Result "0-1"]
[WhiteElo "2087"]
[BlackElo "1981"]
[PlyCount "108"]
[EventDate "2024.??.??"]

1. e4 c5 2. Nf3 Nc6 3. Bb5 g6 4. O-O Bg7 5. Re1 e5 6. c3 Nge7 7. Na3 O-O 8. Nc2
a6 9. Bf1 d5 10. exd5 Nxd5 11. d3 Re8 12. Ne3 b6 13. g3 Nxe3 14. Bxe3 Bf5 15.
Ng5 Qd7 16. Bg2 Rab8 17. Qf3 Nd8 18. Qd5 Qxd5 19. Bxd5 Bxd3 20. Rad1 Bf5 21.
Bb3 Ne6 22. Nxe6 Bxe6 23. Bxe6 Rxe6 24. Rd7 Bf8 25. Red1 Re7 26. Rd8 Rxd8 27.
Rxd8 Kg7 28. Ra8 a5 29. Rb8 Re6 30. a4 Rc6 31. Kf1 Bd6 32. Rd8 Kf6 33. g4 Ke6
34. c4 e4 35. Re8+ Be7 36. Ke2 Rd6 37. Rc8 g5 38. Bd2 Bf6 39. Re8+ Be7 40. Bxg5
f6 41. Bd2 Kd7 42. Rh8 Rd4 43. Rxh7 Ke6 44. Rh6 Bf8 45. Rh8 Kf7 46. Rh7+ Bg7
47. Bc3 Rxc4 48. g5 Kg6 49. gxf6 Kxh7 50. fxg7 Rxa4 51. Ke3 b5 52. h4 Rc4 53.
h5 Rxc3+ 54. bxc3 a4 0-1

[Event "Memoria? Zamenhofa"]
[Site "Bialystok"]
[Date "2024.12.28"]
[Round "4.31"]
[White "Ryszkiewicz, Adam"]
[Black "Stepinski, Piotr"]
[Result "0-1"]
[WhiteElo "1982"]
[BlackElo "2184"]
[PlyCount "162"]
[EventDate "2024.??.??"]

1. e4 c6 2. d4 d5 3. Nd2 dxe4 4. Nxe4 Nf6 5. Nxf6+ exf6 6. Be2 Bd6 7. Bf3 O-O
8. Ne2 Qc7 9. Be3 Re8 10. h3 Nd7 11. O-O Nf8 12. c4 Ng6 13. c5 Bh2+ 14. Kh1 Nh4
15. Nc3 Bf4 16. Bxf4 Qxf4 17. Ne2 Qc7 18. Nc3 Be6 19. Be4 f5 20. Bc2 Rad8 21.
Qd3 Qf4 22. Rad1 Qg5 23. g3 Ng6 24. f4 Qf6 25. Rf2 Rd7 26. Rfd2 Red8 27. Qe3
Ne7 28. Qf2 Nd5 29. Bb3 Nc7 30. Bxe6 Qxe6 31. Qe2 Qxe2 32. Nxe2 Ne6 33. b4 Kf8
34. Kg2 Nc7 35. Nc3 Re7 36. Kf2 Nd5 37. Nxd5 Rxd5 38. Re2 Re4 39. Rxe4 fxe4 40.
Ke3 f5 41. g4 g6 42. gxf5 gxf5 43. Rg1 Kf7 44. a4 a6 45. Rb1 Rd8 46. b5 axb5
47. axb5 Ke6 48. bxc6 bxc6 49. Rb6 Kd5 50. Rb7 Ra8 51. Rd7+ Kc4 52. h4 Ra3+ 53.
Ke2 h5 54. Rd8 Ra2+ 55. Ke3 Ra3+ 56. Ke2 Ra7 57. Rd6 Ra2+ 58. Ke3 Ra3+ 59. Ke2
Ra2+ 60. Ke3 Ra3+ 61. Ke2 Rh3 62. Rxc6 Kxd4 63. Rf6 Kxc5 64. Rxf5+ Kd4 65. Rxh5
Rh2+ 66. Kf1 Ke3 67. f5 Kf3 68. Kg1 Rg2+ 69. Kh1 Rg4 70. f6 e3 71. Rf5+ Ke4 72.
Ra5 e2 73. Ra1 Kf3 74. f7 Rxh4+ 75. Kg1 Rg4+ 76. Kh2 Rf4 77. Kg1 Rxf7 78. Ra3+
Kg4 79. Ra4+ Kg3 80. Ra3+ Rf3 81. Ra1 Re3 0-1

[Event "Memoria? Zamenhofa"]
[Site "Bialystok"]
[Date "2024.12.28"]
[Round "4.32"]
[White "Dylag, Emilia"]
[Black "Borowik, Wojciech"]
[Result "0-1"]
[WhiteElo "2108"]
[BlackElo "2087"]
[PlyCount "56"]
[EventDate "2024.??.??"]

1. Nf3 d5 2. e3 Nf6 3. c4 c6 4. Nc3 g6 5. d4 Bg7 6. cxd5 cxd5 7. Bb5+ Bd7 8.
Be2 Nc6 9. O-O O-O 10. Ne5 Nxe5 11. dxe5 Ne4 12. Qxd5 Nxc3 13. bxc3 Qc7 14. Ba3
Bxe5 15. f4 Bf6 16. Rfc1 Rfd8 17. Qc5 Bc6 18. Rd1 b6 19. Qc4 Qb7 20. Bf1 Rac8
21. Rxd8+ Rxd8 22. Re1 Be4 23. Qb3 Rd2 24. Bc1 Rc2 25. c4 Qa6 26. a3 Qa5 27.
Rd1 Qh5 28. Re1 Qg4 0-1

[Event "Memoria? Zamenhofa"]
[Site "Bialystok"]
[Date "2024.12.28"]
[Round "4.33"]
[White "Haladaj, Adam"]
[Black "Chiszko, Oskar"]
[Result "1-0"]
[WhiteElo "2014"]
[BlackElo "2106"]
[PlyCount "128"]
[EventDate "2024.??.??"]

1. e4 c5 2. Nf3 d6 3. d4 cxd4 4. Nxd4 Nf6 5. Nc3 a6 6. Bg5 Nbd7 7. Bc4 Qb6 8.
Bb3 e6 9. Bxf6 Nxf6 10. Qd2 Be7 11. O-O-O Qa5 12. Kb1 Nd7 13. f4 Nc5 14. g4 Bd7
15. f5 Nxb3 16. axb3 Qc5 17. fxe6 fxe6 18. e5 d5 19. Rhf1 Rf8 20. Rxf8+ Kxf8
21. Nce2 Kg8 22. Nf4 Qb6 23. g5 Rf8 24. h4 Bc5 25. Qe3 Qd8 26. Qc3 Bxd4 27.
Qxd4 Qe7 28. Rd2 Bb5 29. Rf2 Qd7 30. Nh3 Qe7 31. Rxf8+ Kxf8 32. Qf4+ Kg8 33.
Ng1 Qc5 34. Nh3 Be8 35. b4 Qb5 36. Qg4 Bd7 37. Qf4 Be8 38. Qg4 Qf1+ 39. Ka2 Bd7
40. g6 hxg6 41. Ng5 Qf5 42. Qd4 Qxc2 43. Qb6 Qc8 44. b3 Bc6 45. Qc5 Qd7 46. Qc2
Qe8 47. Qc5 d4 48. Qxd4 Bd5 49. Ka3 Qc6 50. Qc5 Qxc5 51. bxc5 Kf8 52. Ka4 Ke7
53. Nh3 Kd7 54. Nf4 Kc6 55. b4 b6 56. Nxg6 bxc5 57. Ne7+ Kb6 58. Nxd5+ exd5 59.
e6 Kc6 60. bxc5 d4 61. Kb4 a5+ 62. Kc4 a4 63. Kxd4 a3 64. Kc3 Kd5 1-0

[Event "Memoria? Zamenhofa"]
[Site "Bialystok"]
[Date "2024.12.28"]
[Round "4.34"]
[White "Ciszewski, Krzysztof"]
[Black "Butkiewicz, Jan"]
[Result "1/2-1/2"]
[WhiteElo "2103"]
[BlackElo "2070"]
[PlyCount "100"]
[EventDate "2024.??.??"]

1. d4 Nf6 2. c4 e6 3. Nc3 d5 4. cxd5 exd5 5. Bg5 c6 6. e3 Be7 7. Bd3 Nbd7 8.
Nge2 O-O 9. Qc2 a5 10. O-O Re8 11. Rad1 b5 12. f3 Ba6 13. Ng3 b4 14. Nce2 Bxd3
15. Qxd3 g6 16. h4 c5 17. Qd2 Qb6 18. Kh1 a4 19. dxc5 Nxc5 20. Nd4 Ne6 21. Nxe6
Qxe6 22. Rfe1 Rad8 23. Qd4 Kg7 24. Ne2 h6 25. Nf4 Qd6 26. Kg1 hxg5 27. hxg5 Kg8
28. gxf6 Bxf6 29. Qa7 d4 30. Qxa4 Qb6 31. Nd5 Qd6 32. Nxf6+ Qxf6 33. Qb3 dxe3
34. Rxd8 Rxd8 35. Rxe3 Rd2 36. Qxb4 Rxb2 37. Re8+ Kh7 38. Qg4 Rb1+ 39. Kh2 Rb5
40. Re1 Rh5+ 41. Kg1 Qb6+ 42. Kf1 Rh1+ 43. Ke2 Qb5+ 44. Kf2 Qc5+ 45. Re3 Rc1
46. Qh4+ Kg7 47. Qe4 Rc2+ 48. Kf1 Rc1+ 49. Kf2 Rc2+ 50. Kf1 Rc1+ 1/2-1/2

[Event "Memoria? Zamenhofa"]
[Site "Bialystok"]
[Date "2024.12.28"]
[Round "4.35"]
[White "Ptaszynski, Szymon"]
[Black "Lecki, Leonard"]
[Result "0-1"]
[WhiteElo "2069"]
[BlackElo "2091"]
[PlyCount "148"]
[EventDate "2024.??.??"]

1. d4 Nf6 2. c4 c5 3. d5 b5 4. cxb5 a6 5. bxa6 e6 6. Nc3 exd5 7. Nxd5 Nxa6 8.
Bg5 Be7 9. Nxe7 Qxe7 10. Nf3 h6 11. Bh4 Rb8 12. b3 Rb6 13. e3 Bb7 14. Be2 Nb4
15. O-O O-O 16. a3 Nbd5 17. Qc2 Rc8 18. Rfd1 Qe8 19. Bd3 Ne7 20. Nd2 d5 21.
Bxf6 Rxf6 22. e4 Ng6 23. exd5 Nf4 24. Ne4 Rg6 25. Ng3 Rd6 26. Bc4 Bxd5 27. Nf5
Rdd8 28. Bxd5 Rxd5 29. Nd6 Qc6 30. Ne4 Rxd1+ 31. Rxd1 f5 32. Qc4+ Kh8 33. Re1
fxe4 34. Rxe4 Re8 35. Rxe8+ Qxe8 36. g3 Qe1+ 37. Qf1 Ne2+ 38. Kg2 Qxf1+ 39.
Kxf1 Nd4 40. b4 c4 41. Ke1 Nc2+ 42. Kd2 Nxa3 43. Kc3 Kg8 44. b5 Nxb5+ 45. Kxc4
Na7 46. Kd5 Kf7 47. Ke5 Nc6+ 48. Kf5 g6+ 49. Ke4 Kf6 50. h3 Nd8 51. h4 Ne6 52.
f3 Ng7 53. g4 Ne6 54. f4 Ng7 55. Kf3 h5 56. Kg3 Ne8 57. Kf3 Nd6 58. Kg3 Nf7 59.
Kf3 hxg4+ 60. Kxg4 Nh6+ 61. Kf3 Kf5 62. Kg3 Ng8 63. h5 gxh5 64. Kh4 Nf6 65. Kg3
Ke4 66. Kh4 Kxf4 67. Kh3 Kg5 68. Kg3 h4+ 69. Kh3 Ne4 70. Kg2 Kg4 71. Kh2 h3 72.
Kg1 Kg3 73. Kh1 Nf2+ 74. Kg1 h2+ 0-1

[Event "Memoria? Zamenhofa"]
[Site "Bialystok"]
[Date "2024.12.29"]
[Round "5.1"]
[White "Malek, Jan"]
[Black "Lewtak, Damian"]
[Result "1-0"]
[WhiteElo "2498"]
[BlackElo "2359"]
[PlyCount "49"]
[EventDate "2024.??.??"]

1. e4 c5 2. Nf3 d6 3. d4 cxd4 4. Nxd4 Nf6 5. Nc3 a6 6. Bg5 Nbd7 7. a3 h6 8.
Bxf6 Nxf6 9. Bc4 e6 10. Qe2 b5 11. Ba2 Qb6 12. O-O-O Bb7 13. Nxe6 fxe6 14. Bxe6
Bc8 15. Bb3 Ng4 16. Rhf1 Ne5 17. h3 Bb7 18. f4 Nc4 19. Bxc4 bxc4 20. Qxc4 Be7
21. Qe6 Rc8 22. e5 Kf8 23. Rfe1 Rd8 24. exd6 Bxd6 25. Re5 1-0

[Event "Memoria? Zamenhofa"]
[Site "Bialystok"]
[Date "2024.12.29"]
[Round "5.2"]
[White "Kokoszczynski, Jan"]
[Black "Klimkowski, Jan"]
[Result "1/2-1/2"]
[WhiteElo "2307"]
[BlackElo "2504"]
[PlyCount "135"]
[EventDate "2024.??.??"]

1. e4 c5 2. c3 Nf6 3. e5 Nd5 4. Nf3 Nc6 5. Bc4 Nb6 6. Bb3 c4 7. Bc2 d5 8. exd6
Qxd6 9. O-O Bg4 10. Qe2 Qe6 11. Qe4 O-O-O 12. Ng5 Qxe4 13. Bxe4 Ne5 14. f4 h6
15. fxe5 hxg5 16. Rxf7 Nd7 17. d4 cxd3 18. Bxg5 Rh5 19. h4 Rxg5 20. hxg5 Nxe5
21. Rxf8 Rxf8 22. Nd2 b5 23. b3 Kb8 24. Re1 e6 25. Bh7 Nc6 26. Bxd3 Rd8 27.
Bxb5 Rxd2 28. Bxc6 Rxa2 29. Bf3 Bxf3 30. gxf3 Ra6 31. Kf2 Kc7 32. Ke3 Ra2 33.
Kf4 Kd6 34. Rd1+ Ke7 35. Rd4 Ra5 36. Ra4 Rf5+ 37. Ke4 a5 38. f4 Rb5 39. c4 Rc5
40. Ra1 g6 41. Ra2 Kd6 42. Rd2+ Ke7 43. Ra2 Kd6 44. Rd2+ Ke7 45. Rh2 Kd6 46.
Rh6 a4 47. bxa4 Rxc4+ 48. Kf3 Rxa4 49. Rxg6 Ke7 50. Rg7+ Kf8 51. Rb7 Ra1 52.
Kg4 Rg1+ 53. Kh5 Rf1 54. Kg4 Rg1+ 55. Kh4 Rf1 56. Kg3 e5 57. fxe5 Rf5 58. Rb5
Rxg5+ 59. Kf4 Rg6 60. Rb8+ Ke7 61. Rb7+ Ke8 62. Ke4 Ra6 63. Kd5 Kd8 64. Rb5 Ke7
65. Rc5 Kd7 66. e6+ Rxe6 67. Rc7+ Kxc7 68. Kxe6 1/2-1/2

[Event "Memoria? Zamenhofa"]
[Site "Bialystok"]
[Date "2024.12.29"]
[Round "5.3"]
[White "Quparadze, Giga"]
[Black "Pidluznij, Gleb"]
[Result "1-0"]
[WhiteElo "2537"]
[BlackElo "2422"]
[PlyCount "121"]
[EventDate "2024.??.??"]

1. e4 e5 2. Nf3 Nc6 3. Bb5 a6 4. Ba4 Nge7 5. Nc3 Ng6 6. h4 h5 7. d4 Nxd4 8.
Nxd4 exd4 9. Qxd4 b5 10. Bb3 Bb7 11. Qd1 Bd6 12. Bd5 Bxd5 13. Nxd5 c6 14. Ne3
Be5 15. Nf5 Qf6 16. c3 d5 17. Qf3 dxe4 18. Qxe4 O-O 19. O-O Rfe8 20. Bg5 Qxg5
21. hxg5 Bh2+ 22. Kxh2 Rxe4 23. Rae1 Rg4 24. Nd4 c5 25. Nf3 Nh4 26. Nxh4 Rxh4+
27. Kg1 Rd8 28. Rd1 Rxd1 29. Rxd1 Re4 30. Kf1 b4 31. f3 Re5 32. c4 Rxg5 33. Rd6
Rg6 34. Rd8+ Kh7 35. Rd5 Rc6 36. Rxh5+ Kg6 37. Rd5 Kf6 38. g4 Ke7 39. g5 a5 40.
Ke2 a4 41. Kd3 g6 42. Ke4 Re6+ 43. Kf4 Rc6 44. Re5+ Kf8 45. Ke4 Rd6 46. Rxc5
Rd2 47. Ra5 Rxb2 48. Rxa4 b3 49. axb3 Rxb3 50. c5 Rc3 51. Kd5 Rxf3 52. Re4 Rd3+
53. Kc4 Rd1 54. c6 Rg1 55. Re5 Rc1+ 56. Kb5 Rb1+ 57. Ka6 Rc1 58. Kb6 Rb1+ 59.
Rb5 Rc1 60. c7 Ke7 61. Rc5 1-0